000 01023cam a22003011i 4500
003 SA-RiAUC
005 20241220144343.0
008 241218s1997 ua g 00000 ara c
020 _a977090404X
020 _a040409977
040 _aSA-RiAUC
_bara
_cSA-RiAUC
_erda
050 4 _b.G43 1997
082 0 4 _a243
_qSA-RiAUC
090 _a243
_bغ ز ا
100 1 _aالغزالي، محمد،
_d1917-1996
_eمؤلف.
245 1 0 _aركائز الإيمان بين العقل والقلب /
_cمحمد الغزالي.
250 _aالطبعة الأولى.
264 1 _aالقاهرة :
_bدار الشروق،
_c1997
300 _a275 صفحة ؛
_c24 سم
336 _aنص
_btxt
_2rdacontent
_3كتاب
337 _aبدون وسيط
_bn
_2rdamedia
338 _aمجلد
_bnc
_2rdacarrier
650 7 _aالإيمان
_2aucsh
650 7 _aعلم الكلام
_2aucsh
650 7 _aالإيمان (فقه إسلامي)
_2aucsh
942 _2ddc
_cBOOK
_n0
949 _aSA-JeALM
_d241218
_umohamedma123
_n1
999 _c3672
_d3672